|
|
|
|
| LEADER |
00000nam a2200000 4500 |
| 001 |
vtls012257497 |
| 003 |
SK-MaSNL |
| 005 |
20260301152008.0 |
| 008 |
240605s2024 xo o b 000 0 slo |
| 015 |
|
|
|a SNBA2025/01
|
| 020 |
|
|
|a 9788069074002
|q (hrebeňová väzba)
|
| 040 |
|
|
|a SNK
|b slo
|c SNK
|e rda
|
| 041 |
0 |
|
|a slo
|
| 044 |
|
|
|a xo
|c SK
|
| 072 |
|
7 |
|a 0/9-053.2
|x Literatúra pre deti a mládež (náučná)
|2 konspekt
|
| 072 |
|
7 |
|a 028
|x Čítanie
|2 konspekt
|
| 080 |
|
|
|a 37.016:028-028.31
|2 2011
|
| 080 |
|
|
|a 028.1
|2 2011
|
| 080 |
|
|
|a 37.016:003-028.31
|2 2011
|
| 080 |
|
|
|a (076.1)
|2 2011
|
| 080 |
|
|
|a (0.053.2)
|2 2011
|
| 100 |
1 |
|
|a Šarkőzyová, Eva
|4 aut
|9 302880
|
| 245 |
1 |
0 |
|a Kuchyňa
|c Eva Šarkőzyová
|
| 264 |
|
1 |
|a [Trnava]
|b [ELEP]
|c [2024]
|
| 300 |
|
|
|a 32 nečíslovaných strán
|b farebné fotografie
|c 16 cm
|
| 336 |
|
|
|a text
|b txt
|2 rdacontent
|
| 336 |
|
|
|a statický obraz
|b sti
|2 rdacontent
|
| 337 |
|
|
|a bez média
|b n
|2 rdamedia
|
| 338 |
|
|
|a zväzok
|b nc
|2 rdacarrier
|
| 490 |
1 |
|
|a mINYčítanka
|
| 500 |
|
|
|a Vydavateľské údaje podľa NA ISBN
|
| 500 |
|
|
|a Názov z obálky
|
| 650 |
0 |
7 |
|a čítanie
|2 SNKPH
|9 1654
|
| 650 |
0 |
7 |
|a čitateľská gramotnosť
|2 SNKPH
|9 69767
|
| 650 |
0 |
7 |
|a písanie
|2 SNKPH
|9 1728
|
| 650 |
0 |
7 |
|a Reading
|2 SNKPHeng
|9 276976
|
| 650 |
0 |
7 |
|a Reader's literacy
|2 SNKPHeng
|9 125488
|
| 650 |
0 |
7 |
|a Writing
|2 SNKPHeng
|9 302882
|
| 655 |
|
7 |
|a pracovné zošity
|2 SNKPH
|9 70188
|
| 655 |
|
7 |
|a publikácie pre deti
|2 SNKPH
|9 70148
|
| 655 |
|
7 |
|a Activity books
|2 SNKPHeng
|9 302885
|
| 655 |
|
7 |
|a Publications for children
|2 SNKPHeng
|9 276792
|
| 830 |
|
0 |
|a mINYčítanka
|9 302886
|
| 852 |
|
|
|a Slovenská národná knižnica
|
| 919 |
|
|
|a 978-80-69074-00-2
|
| 954 |
|
|
|a odborná, vedecká literatúra pôvodná (slovenská)
|2 lita
|
| 999 |
|
|
|c 788113
|d 790043
|
| 952 |
|
|
|a SNK
|b SNK
|y PREZ
|7 0
|p 17A1550141
|o snkOSD 11056
|i snk2024/8908
|8 0
|0 0
|1 0
|4 0
|d 2024-06-05
|l 0
|r 2026-02-24 01:26:41
|w 2026-02-24
|